| 000 | 00497nam a2200181 a 4500 | ||
|---|---|---|---|
| 005 | 20140412111321.0 | ||
| 008 | 010321s19uu xx 00 eng d | ||
| 020 | _a0-307-60632-5 | ||
| 050 |
_aER _bLi72 1985 |
||
| 100 | _aWatson, Wendy | ||
| 245 |
_aLittle brown bear / _cstory and pictures by Wendy Watson. |
||
| 260 |
_aNew York : _bA Golden Book, _c1985. |
||
| 300 | _a1 v. (unp.) ; ill. | ||
| 650 | _aBears - Stories | ||
| 650 | _aChildrens stories | ||
| 999 |
_c104394 _d104394 |
||